Sitti Ariana
| Main Author: | |
|---|---|
| Format: | Book |
| Published: |
Kuala Lumpur :
DBP ,
1993
|
| Series: | Novel remaja
|
| Subjects: |
MARC
| LEADER | 00000cam a2200000 7i4500 | ||
|---|---|---|---|
| 001 | 0000009284 | ||
| 002 | 000010114 | ||
| 005 | 20020112.0 | ||
| 020 | |a 9836226729 | ||
| 090 | 0 | 0 | |a F |b AZM |
| 100 | 0 | |a Azmah Nordin | |
| 245 | 1 | 0 | |a Sitti Ariana |c Azmah Nordin |
| 260 | |a Kuala Lumpur : |b DBP , |c 1993 | ||
| 300 | |a 180p. ; |c 17cm. | ||
| 490 | 0 | |a Novel remaja | |
| 650 | 0 | 0 | |a Short stories |
| 999 | |a 053932 |b BUKU |c FICTION |e PERPUSTAKAAN KOMUNITI CAW KOTA DAMANSARA | ||